<?xml version="1.0" encoding="UTF-8"?>
<record
    xmlns:xsi="http://www.w3.org/2001/XMLSchema-instance"
    xsi:schemaLocation="http://www.loc.gov/MARC21/slim http://www.loc.gov/standards/marcxml/schema/MARC21slim.xsd"
    xmlns="http://www.loc.gov/MARC21/slim">

  <leader>01552nam0a2200361   4500</leader>
  <controlfield tag="001">RU\NLR\bibl\1433122</controlfield>
  <controlfield tag="005">20250615222240.0</controlfield>
  <datafield tag="010" ind1=" " ind2=" ">
    <subfield code="a">978-5-02-032170-0</subfield>
    <subfield code="9">500</subfield>
  </datafield>
  <datafield tag="021" ind1=" " ind2=" ">
    <subfield code="a">RU</subfield>
    <subfield code="b">2009-72422</subfield>
    <subfield code="9">4498</subfield>
  </datafield>
  <datafield tag="035" ind1=" " ind2=" ">
    <subfield code="a">(nilc)RSL-KNO-004381876</subfield>
  </datafield>
  <datafield tag="035" ind1=" " ind2=" ">
    <subfield code="a">(NLR Aleph) 001425023</subfield>
  </datafield>
  <datafield tag="090" ind1=" " ind2=" ">
    <subfield code="a">1366685</subfield>
    <subfield code="c">1366685</subfield>
  </datafield>
  <datafield tag="100" ind1=" " ind2=" ">
    <subfield code="a">20090914d2008    |||y0rusy50      ca</subfield>
  </datafield>
  <datafield tag="101" ind1="0" ind2=" ">
    <subfield code="a">rus</subfield>
  </datafield>
  <datafield tag="102" ind1=" " ind2=" ">
    <subfield code="a">RU</subfield>
  </datafield>
  <datafield tag="105" ind1=" " ind2=" ">
    <subfield code="a">y   zzzz|||||</subfield>
  </datafield>
  <datafield tag="200" ind1="1" ind2=" ">
    <subfield code="a">&#x410;&#x441;&#x43A;&#x43E;&#x43B;&#x44C;&#x434; &#x41C;&#x443;&#x440;&#x43E;&#x432;</subfield>
    <subfield code="e">&#x43C;&#x443;&#x437;&#x44B;&#x43A;&#x430;. &#x421;&#x438;&#x431;&#x438;&#x440;&#x44C;. &#x42D;&#x43F;&#x43E;&#x445;&#x430;</subfield>
    <subfield code="f">&#x41D;&#x43E;&#x432;&#x43E;&#x441;&#x438;&#x431;&#x438;&#x440;&#x441;&#x43A;&#x430;&#x44F; &#x433;&#x43E;&#x441;. &#x43A;&#x43E;&#x43D;&#x441;&#x435;&#x440;&#x432;&#x430;&#x442;&#x43E;&#x440;&#x438;&#x44F; (&#x430;&#x43A;&#x430;&#x434;.) &#x438;&#x43C;. &#x41C;. &#x418;. &#x413;&#x43B;&#x438;&#x43D;&#x43A;&#x438;</subfield>
    <subfield code="g">&#x430;&#x432;&#x442;.-&#x441;&#x43E;&#x441;&#x442;.: &#x43A;.&#x438;&#x441;&#x43A;. &#x41B;.&#x41B;. &#x41F;&#x44B;&#x43B;&#x44C;&#x43D;&#x435;&#x432;&#x430;</subfield>
    <subfield code="g">&#x43E;&#x442;&#x432;. &#x440;&#x435;&#x434;.: &#x434;.&#x438;&#x441;&#x43A;. &#x411;. &#x410;. &#x428;&#x438;&#x43D;&#x434;&#x438;&#x43D;</subfield>
  </datafield>
  <datafield tag="210" ind1=" " ind2=" ">
    <subfield code="a">&#x41D;&#x43E;&#x432;&#x43E;&#x441;&#x438;&#x431;&#x438;&#x440;&#x441;&#x43A;</subfield>
    <subfield code="c">&#x41D;&#x430;&#x443;&#x43A;&#x430;</subfield>
    <subfield code="d">2008</subfield>
  </datafield>
  <datafield tag="215" ind1=" " ind2=" ">
    <subfield code="a">444, [3] &#x441;., [9] &#x43B;. &#x43F;&#x43E;&#x440;&#x442;&#x440;.</subfield>
    <subfield code="c">&#x438;&#x43B;., &#x43D;&#x43E;&#x442;.</subfield>
    <subfield code="d">25</subfield>
  </datafield>
  <datafield tag="300" ind1=" " ind2=" ">
    <subfield code="a">&#x41D;&#x430; &#x430;&#x432;&#x430;&#x43D;&#x442;&#x438;&#x442;.&#x43B;.: &#x41A; 80-&#x43B;&#x435;&#x442;&#x438;&#x44E; &#x441;&#x43E; &#x434;&#x43D;&#x44F; &#x440;&#x43E;&#x436;&#x434;&#x435;&#x43D;&#x438;&#x44F;</subfield>
  </datafield>
  <datafield tag="320" ind1=" " ind2=" ">
    <subfield code="a">&#x41D;&#x43E;&#x442;&#x43E;&#x433;&#x440;.: 414-434</subfield>
  </datafield>
  <datafield tag="320" ind1=" " ind2=" ">
    <subfield code="a">&#x411;&#x438;&#x431;&#x43B;&#x438;&#x43E;&#x433;&#x440;.: &#x441;. 435-443</subfield>
  </datafield>
  <datafield tag="600" ind1=" " ind2="1">
    <subfield code="a">&#x41C;&#x443;&#x440;&#x43E;&#x432;</subfield>
    <subfield code="b">&#x410;.&#x424;.</subfield>
    <subfield code="f">1928 - 1996</subfield>
    <subfield code="g">&#x410;&#x441;&#x43A;&#x43E;&#x43B;&#x44C;&#x434; &#x424;&#x435;&#x434;&#x43E;&#x440;&#x43E;&#x432;&#x438;&#x447;</subfield>
    <subfield code="9">2575295</subfield>
    <subfield code="3">RU\NLR\auth\661522714</subfield>
  </datafield>
  <datafield tag="686" ind1=" " ind2=" ">
    <subfield code="a">&#x429;313(2&#x420;=&#x420;)7-81&#x41C;&#x443;&#x440;&#x43E;&#x432; &#x410;.&#x424;.1,0</subfield>
    <subfield code="2">rubbk</subfield>
  </datafield>
  <datafield tag="686" ind1=" " ind2=" ">
    <subfield code="a">&#x429;313(2&#x420;=&#x420;&#x443;&#x441;)7-81&#x41C;&#x443;&#x440;&#x43E;&#x432;</subfield>
  </datafield>
  <datafield tag="702" ind1=" " ind2="1">
    <subfield code="a">&#x41C;&#x443;&#x440;&#x43E;&#x432;</subfield>
    <subfield code="b">&#x410;. &#x424;.</subfield>
    <subfield code="g">&#x410;&#x441;&#x43A;&#x43E;&#x43B;&#x44C;&#x434; &#x424;&#x435;&#x434;&#x43E;&#x440;&#x43E;&#x432;&#x438;&#x447;</subfield>
    <subfield code="4">570</subfield>
  </datafield>
  <datafield tag="702" ind1=" " ind2="1">
    <subfield code="a">&#x41F;&#x44B;&#x43B;&#x44C;&#x43D;&#x435;&#x432;&#x430;</subfield>
    <subfield code="b">&#x41B;. &#x41B;.</subfield>
    <subfield code="g">&#x41B;&#x430;&#x434;&#x430; &#x41B;&#x435;&#x43E;&#x43D;&#x438;&#x434;&#x43E;&#x432;&#x43D;&#x430;</subfield>
    <subfield code="4">220</subfield>
  </datafield>
  <datafield tag="801" ind1=" " ind2="0">
    <subfield code="a">RU</subfield>
    <subfield code="b">&#x420;&#x41A;&#x41F;</subfield>
    <subfield code="c">20090914</subfield>
    <subfield code="g">rcr</subfield>
  </datafield>
  <datafield tag="801" ind1=" " ind2="1">
    <subfield code="a">RU</subfield>
    <subfield code="b">&#x420;&#x413;&#x411;</subfield>
    <subfield code="c">20090914</subfield>
  </datafield>
  <datafield tag="801" ind1=" " ind2="2">
    <subfield code="a">RU</subfield>
    <subfield code="b">NLR</subfield>
    <subfield code="c">20091102</subfield>
    <subfield code="g">rcr</subfield>
  </datafield>
  <datafield tag="942" ind1=" " ind2=" ">
    <subfield code="c">BOOK</subfield>
  </datafield>
  <datafield tag="980" ind1=" " ind2=" ">
    <subfield code="a">NB</subfield>
  </datafield>
  <datafield tag="995" ind1=" " ind2=" ">
    <subfield code="5">2009-11-02</subfield>
    <subfield code="a">ad</subfield>
    <subfield code="b">NLR01</subfield>
    <subfield code="c">NLR01</subfield>
    <subfield code="e">RF9</subfield>
    <subfield code="f">3029842</subfield>
    <subfield code="k">2009-7/1648</subfield>
    <subfield code="o">0</subfield>
    <subfield code="r">BOOK</subfield>
    <subfield code="s">200971648_</subfield>
  </datafield>
  <datafield tag="995" ind1=" " ind2=" ">
    <subfield code="5">2009-11-02</subfield>
    <subfield code="a">ad</subfield>
    <subfield code="b">NLR01</subfield>
    <subfield code="c">NLR01</subfield>
    <subfield code="e">RF9</subfield>
    <subfield code="f">3029843</subfield>
    <subfield code="k">2009-7/1648</subfield>
    <subfield code="o">0</subfield>
    <subfield code="r">BOOK</subfield>
    <subfield code="s">200971648_</subfield>
  </datafield>
  <datafield tag="995" ind1=" " ind2=" ">
    <subfield code="5">2014-09-16</subfield>
    <subfield code="a">a9</subfield>
    <subfield code="b">NLR02</subfield>
    <subfield code="c">NLR02</subfield>
    <subfield code="e">MK</subfield>
    <subfield code="f">1-272178</subfield>
    <subfield code="o">0</subfield>
    <subfield code="p">500.00</subfield>
    <subfield code="r">BOOK</subfield>
  </datafield>
  <datafield tag="995" ind1=" " ind2=" ">
    <subfield code="5">2015-12-25</subfield>
    <subfield code="a">a9</subfield>
    <subfield code="b">NLR02</subfield>
    <subfield code="c">NLR02</subfield>
    <subfield code="e">MK</subfield>
    <subfield code="f">1-1140276</subfield>
    <subfield code="o">0</subfield>
    <subfield code="p">500.00</subfield>
    <subfield code="r">BOOK</subfield>
  </datafield>
</record>
